000 00329 a2200133 4500
000 nam a22 7a 4500
100 _aMittal, pooja
110 _aMittal, pooja
245 _aMastering Data Science
250 _alatest edition
260 _bThe Readers Paradise
_c2026
264 _bThe Readers Paradise
_c2026
942 _cBK
999 _c396857
_d396857